Sports Quiz

Random Sports Quiz

Formula One race winning constructors Quiz Stats

 Plays Quiz not verified by Sporcle

Challenge
Share
Tweet
Embed
Score 0/29 Timer 05:00
0 Plays Today
First race winner Constructor % Correct
José Froilán GonzálezFerrari
98.9%
Bruce McLarenMcLaren
98.9%
Fernando AlonsoRenault
95.7%
Sebastian VettelRed Bull
95.1%
Clay RegazzoniWilliams
94.6%
Juan Manuel FangioMercedes
92.4%
Innes IrelandLotus
89.7%
Jenson ButtonBrawn
85.9%
Damon HillJordan
81.5%
Robert KubicaSauber
81%
Gerhard BergerBenetton
79.9%
Sebastian VettelToro Rosso
76.6%
Johnny HerbertStewart
76.6%
Richie GintherHonda
75%
Nino FarinaAlfa Romeo
73.4%
First race winner Constructor % Correct
Dan GurneyBrabham
72.3%
Juan Manuel FangioMaserati
65.2%
Jacques LafitteLigier
62.5%
Jo BonnierBRM
62%
Stirling MossCooper
59.2%
Jackie StewartMatra
59.2%
James HuntHesketh
52.2%
Stirling MossVanwall
49.5%
Jody ScheckterWolf
46.7%
Vittorio BrambillaMarch
46.2%
Dan GurneyPorsche
46.2%
Alan JonesShadow
41.8%
Dan GurneyEagle
39.1%
John WatsonPenske
32.6%

You're not logged in!

Compare scores with friends on all Sporcle quizzes.
Join for Free
OR
Log In

You Might Also Like...

Show Comments

Extras

Top Quizzes Today


Score Distribution

Your Account Isn't Verified!

In order to create a playlist on Sporcle, you need to verify the email address you used during registration. Go to your Sporcle Settings to finish the process.

Report this User

Report this user for behavior that violates our Community Guidelines.

Details: